• 首页
  • 本馆介绍
  • 公告通知
  • 最新文献
  • 馆藏检索
  • 电子资源
  • 读者导购
  • 参考咨询
  • 我的图书馆
  • 登录
  • 详细信息显示
  • 放入我的书架
  • 预约/预借图书
  • 作者相关作品
  • 分类相关作品
  • 丛书相关作品
  • 出版社相关作品

书目信息

  • 表格格式
  • 工作单格式
  • 卡片格式
题名:
公路桥梁隧道养护技术
    
 
作者: 孙虎 , 杜祝遥 主编
分册:  
出版信息: 武汉   华中科技大学出版社  2017.09
页数: 239页
开本: 26cm
丛书名:
单 册:
中图分类: U418 , U448.145.7
科图分类:
主题词: 公路养护--高等职业教育--教材 , 公路桥--保养--高等职业教育--教材 , 公路隧道--公路养护--高等职业教育--教材
电子资源:
ISBN: 978-7-5680-3351-0
000 01099nam0 2200277 450
001 1090
005 20180927113422.47
010    @a978-7-5680-3351-0@dCNY38.00
100    @a20171018d2017 em y0chiy50 ea
101 0  @achi
102    @aCN@b420000
105    @aa z 000yy
200 1  @a公路桥梁隧道养护技术@9gong lu qiao liang sui dao yang hu ji shu@f孙虎,杜祝遥主编
210    @a武汉@c华中科技大学出版社@d2017.09
215    @a239页@c图@d26cm
300    @a工学结合·基于工作过程导向的项目化创新系列教材 国家示范性高等职业教育土建类“十三五”规划教材
330    @a本书共设六个学习情景,包括绪论、公路路基养护与维修、公路路面养护与维修、桥涵养护与维修、隧道养护与维修、公路沿线设施养护与维修等内容,基本理论介绍由浅入深,将理论知识贯穿到实际应用中,实用性强。
606 0  @a公路养护@x高等职业教育@j教材
606 0  @a公路桥@x保养@x高等职业教育@j教材
606 0  @a公路隧道@x公路养护@x高等职业教育@j教材
690    @aU418@v5
690    @aU448.145.7@v5
701  0 @a孙虎@9sun hu@4主编
701  0 @a杜祝遥@9du zhu yao@4主编
801  0 @aCN@b91MARC@c20171018
905    @aMuseLib@dU418@e720
    
    公路桥梁隧道养护技术/孙虎,杜祝遥主编.-武汉:华中科技大学出版社,2017.09
    239页:图;26cm
    工学结合·基于工作过程导向的项目化创新系列教材 国家示范性高等职业教育土建类“十三五”规划教材
    
    ISBN 978-7-5680-3351-0:CNY38.00
    本书共设六个学习情景,包括绪论、公路路基养护与维修、公路路面养护与维修、桥涵养护与维修、隧道养护与维修、公路沿线设施养护与维修等内容,基本理论介绍由浅入深,将理论知识贯穿到实际应用中,实用性强。
●
相关链接 在E读中查询图书 在五车中查询图书 在当当中查询图书 在豆瓣中查询图书


正题名:公路桥梁隧道养护技术     索取号:U418/720         预约/预借

序号 登录号 条形码 馆藏地/架位号 状态 备注
1 1121124   211211240   第二样本阅览室/ [索取号:U418/720] 在馆    
2 1121125   211211259   第三借阅区/ [索取号:U418/720] 在馆    
3 1121126   211211268   第三借阅区/ [索取号:U418/720] 在馆    
4 1121127   211211277   第三借阅区/ [索取号:U418/720] 在馆    
5 1121128   211211286   密集书库-物理学院/ [索取号:U418/720] 在馆    
唐山师范学院图书馆 欢迎您!
大连网信软件有限公司© 版权所有